[Event "C.to Provinciale VE"]
[Site "Mestre - Venezia ITA"]
[Date "2010.01.31"]
[Round "4"]
[White "Zamengo, Bruno"]
[Black "Zanetto, Marco"]
[Result "0-1"]
[WhiteElo "1850"]
[BlackElo "1835"]
[PlyCount "78"]
[EventDate "2010.01.29"]

1. e4 e5 2. Nf3 Nc6 3. Bb5 a6 4. Ba4 Nf6 5. O-O Nxe4 6. d4 b5 7. Bb3 d5 8. dxe5
Be6 9. c3 Bc5 10. Nbd2 O-O 11. Bc2 Bf5 12. Nb3 Bg4 13. h3 Bh5 14. Bf4 Bb6 15.
Qd3 Bg6 16. Qe2 Ne7 17. Nh4 Nc5 18. Nxg6 Nxg6 19. Bg3 Qg5 20. Nd4 Ne6 21. Nf3
Qxg3 22. Kh1 Qf4 23. g3 Qh6 24. h4 Rfe8 25. Qd1 Rad8 26. Nh2 Nxe5 27. f4 Nxf4
28. gxf4 Nc4 29. Rf3 Ne3 30. Qd3 Nxc2 31. Qxc2 Qxh4 32. Qd3 Re1+ 33. Rxe1 Qxe1+
34. Nf1 Qe4 35. Qd1 Re8 36. Ng3 Qe1+ 37. Rf1 Qxg3 38. Qh5 Re6 39. Rf3 Qg1# 0-1

[Event "C.to Provinciale VE"]
[Site "Mestre - Venezia ITA"]
[Date "2010.01.31"]
[Round "5"]
[White "Bordin, Renato"]
[Black "Zamengo, Bruno"]
[Result "0-1"]
[WhiteElo "1566"]
[BlackElo "1850"]
[PlyCount "134"]
[EventDate "2010.01.29"]

1. d4 Nf6 2. c4 c5 3. Nf3 g6 4. Bf4 Bg7 5. e3 b6 6. Be2 O-O 7. O-O d6 8. Nc3
Nbd7 9. dxc5 bxc5 10. Qc2 Bb7 11. h3 Bc6 12. Rad1 Qb6 13. b3 a5 14. Rb1 Rfb8
15. Ng5 Qa6 16. Bf3 Bxf3 17. Nxf3 Nb6 18. a4 Rb7 19. Rfd1 Rab8 20. Nb5 Na8 21.
Bxd6 exd6 22. Rxd6 Rb6 23. Qd3 Rxd6 24. Qxd6 Qxd6 25. Nxd6 Rb4 26. Ne1 Rb6 27.
Nb5 Kf8 28. Rd1 Ke7 29. g4 h6 30. Nd3 Nd7 31. Nf4 Kd8 32. Nd5 Re6 33. Rd3 Be5
34. Ndc3 Bxc3 35. Nxc3 Nc7 36. f3 Rb6 37. Ne4 Ke7 38. h4 Ne5 39. Rd1 Ne6 40.
Nd2 Rd6 41. Kf2 Nd8 42. Ke2 Ndc6 43. g5 h5 44. f4 Ng4 45. Re1 Nb4 46. Ne4 Rd3
47. Kf3 Rxb3 48. Nxc5 Ra3 49. Ke4 Nc2 50. Rb1 Rxe3+ 51. Kd5 Nb4+ 52. Kd4 Rf3
53. Ke4 Rh3 54. Nb7 Ra3 55. Nxa5 Rxa4 56. f5 Rxa5 57. Rxb4 Rxf5 58. Kd4 Kd6 59.
Rb6+ Kc7 60. c5 Ne5 61. Ra6 Nd7 62. Ra7+ Kc8 63. Ra8+ Kb7 64. Ra5 Kc6 65. Ra6+
Kb5 66. c6 Nb6 67. c7 Kxa6 0-1

[Event "C.to Provinciale VE"]
[Site "Mestre - Venezia ITA"]
[Date "2010.01.31"]
[Round "5"]
[White "Buranelli, Matteo"]
[Black "Roiatti, Noris"]
[Result "0-1"]
[WhiteElo "1473"]
[BlackElo "1527"]
[PlyCount "98"]
[EventDate "2010.01.29"]

1. e4 e5 2. Nc3 Nf6 3. Bc4 Nxe4 4. Bxf7+ Kxf7 5. Nxe4 d5 6. Ng3 Bd6 7. N1e2 Rf8
8. O-O Nc6 9. c3 Be6 10. d3 Kg8 11. Be3 Ne7 12. d4 e4 13. Qd2 Ng6 14. b3 Qd7
15. Rac1 Bh3 16. Bg5 Be6 17. c4 c6 18. c5 Be7 19. Bxe7 Qxe7 20. Rc3 Rf7 21. f4
Bf5 22. Nxf5 Rxf5 23. g4 Rf7 24. f5 Nh4 25. Qf4 Raf8 26. Ng3 Nf3+ 27. Rcxf3
exf3 28. Rxf3 Re8 29. g5 Qe1+ 30. Nf1 Qe4 31. Qxe4 Rxe4 32. Ng3 Rxd4 33. Re3
Kf8 34. Rf3 Rg4 35. Kf2 Rxg5 36. h4 Rg4 37. Kg2 Rxh4 38. f6 Rxf6 39. Rxf6+ gxf6
40. Nf5 Re4 41. Nd6 Re7 42. Nf5 Ke8 43. Kf3 h5 44. a4 a5 45. Nd6+ Kd8 46. Nf5
Re4 47. Nd6 Rb4 48. Nf7+ Kc7 49. Nd6 Rxb3+ 0-1

[Event "C.to Provinciale VE"]
[Site "Mestre - Venezia ITA"]
[Date "2010.01.31"]
[Round "5"]
[White "Cedriano, Filippo"]
[Black "Boscolo, Marco"]
[Result "1/2-1/2"]
[WhiteElo "2019"]
[BlackElo "2129"]
[PlyCount "40"]
[EventDate "2010.01.29"]

1. e4 e6 2. d4 d5 3. Nd2 dxe4 4. Nxe4 Be7 5. Nf3 Nf6 6. Bd3 Nxe4 7. Bxe4 Nd7 8.
O-O Nf6 9. Bd3 O-O 10. Re1 b6 11. Qe2 Bb7 12. c3 Qd5 13. Bc4 Qh5 14. Ne5 Qxe2
15. Bxe2 Rfd8 16. Bf4 c5 17. dxc5 Bxc5 18. Rad1 Ne4 19. Bg3 Nxg3 20. hxg3 Bd6
1/2-1/2

[Event "C.to Provinciale VE"]
[Site "Mestre - Venezia ITA"]
[Date "2010.01.31"]
[Round "5"]
[White "Civitareale, Alberto"]
[Black "Pasqualetto, Lorenzo"]
[Result "1-0"]
[WhiteElo "1607"]
[BlackElo "1518"]
[PlyCount "39"]
[EventDate "2010.01.29"]

1. e4 c5 2. Nf3 Nc6 3. d4 cxd4 4. Nxd4 g6 5. Nc3 Bg7 6. Be3 Nf6 7. Be2 d5 8.
Bb5 Bd7 9. exd5 Nxd4 10. Bxd7+ Qxd7 11. Bxd4 O-O 12. O-O Rfd8 13. Re1 b5 14. a3
Rac8 15. Qe2 Nxd5 16. Bxg7 Kxg7 17. Nxd5 Qxd5 18. Rad1 Qc4 19. Qxc4 Rxd1 20.
Qe2 1-0

[Event "C.to Provinciale VE"]
[Site "Mestre - Venezia ITA"]
[Date "2010.01.31"]
[Round "5"]
[White "Greco, Alvise"]
[Black "Bellon, Antonio"]
[Result "0-1"]
[WhiteElo "1407"]
[BlackElo "1446"]
[PlyCount "80"]
[EventDate "2010.01.29"]

1. d4 d5 2. c4 e6 3. Nc3 Nf6 4. Bg5 Be7 5. Nf3 Nbd7 6. e3 c6 7. Qc2 c5 8. cxd5
exd5 9. dxc5 Nxc5 10. O-O-O Be6 11. Bb5+ Kf8 12. h3 a6 13. Be2 Nce4 14. Bh4 Rc8
15. Kb1 Nxc3+ 16. bxc3 Bb4 17. Rc1 Qb6 18. Qb2 Bf5+ 19. Ka1 Ba5 20. Rhd1 Qc6
21. Qa3+ Qc5 22. Qxc5+ Rxc5 23. Bd3 Bxd3 24. Rxd3 Ke7 25. Nd2 Rhc8 26. Bxf6+
Kxf6 27. Nb1 b5 28. a3 b4 29. axb4 Bxb4 30. Kb2 Ke5 31. Rd4 Ba5 32. Rg4 g6 33.
f3 Rc4 34. Rg5+ Ke6 35. f4 Re4 36. Rg3 Bb6 37. Re1 f5 38. Rf3 Kf6 39. Ka3 Rce8
40. Rd1 40... Ke6 {...} 0-1

[Event "C.to Provinciale VE"]
[Site "Mestre - Venezia ITA"]
[Date "2010.01.31"]
[Round "5"]
[White "Viviani, Bruno"]
[Black "Rossi, Aldo V."]
[Result "1-0"]
[WhiteElo "1621"]
[BlackElo "1458"]
[PlyCount "110"]
[EventDate "2010.01.29"]

1. d4 Nf6 2. Nc3 g6 3. e4 Bg7 4. e5 Ng8 5. Nf3 b6 6. Bc4 d6 7. Ng5 e6 8. Qf3
Qd7 9. Qxa8 Nc6 10. Bb5 Nge7 11. Be3 O-O 12. Qxa7 Nxa7 13. Bxd7 Bxd7 14. exd6
cxd6 15. Nce4 Nb5 16. c3 d5 17. Nd2 h6 18. Ngf3 Nd6 19. Bf4 Ndc8 20. O-O g5 21.
Be5 f6 22. Bg3 Ng6 23. h4 g4 24. h5 Nge7 25. Nh2 e5 26. dxe5 fxe5 27. f3 Nf5
28. Bf2 g3 29. Bxg3 Nxg3 30. Rfe1 Nxh5 31. Nhf1 Nf4 32. b3 h5 33. g3 Nh3+ 34.
Kg2 Nd6 35. Ne3 d4 36. cxd4 exd4 37. Nd5 Ng5 38. Rac1 Nf5 39. f4 Nf7 40. Nxb6
Ne3+ 41. Kf3 Ne5+ 42. Kf2 Nd3+ 43. Kg1 Nxe1 44. Nxd7 Nd3 45. Rc7 Re8 46. Nc5
Nxc5 47. Rxc5 Nf5 48. Rxf5 d3 49. Rd5 Re1+ 50. Nf1 Rd1 51. Kf2 Bc3 52. a4 Bb4
53. a5 d2 54. a6 Bc5+ 55. Ke2 Bb6 1-0

[Event "C.to Provinciale VE"]
[Site "Mestre - Venezia ITA"]
[Date "2010.01.31"]
[Round "5"]
[White "Zamengo, Fulvio"]
[Black "Franceschini, Corrado"]
[Result "0-1"]
[WhiteElo "1926"]
[BlackElo "1788"]
[PlyCount "118"]
[EventDate "2010.01.29"]

1. e4 c5 2. Nf3 d6 3. c4 Nf6 4. Nc3 Nc6 5. d4 cxd4 6. Nxd4 g6 7. Be2 Bg7 8. Be3
Bd7 9. O-O Nxd4 10. Bxd4 O-O 11. f3 Ne8 12. b4 Bxd4+ 13. Qxd4 Nc7 14. a4 Ne6
15. Qe3 b6 16. a5 Rb8 17. axb6 axb6 18. Nd5 Bc6 19. Ra6 Bxd5 20. cxd5 Ng7 21.
Rc1 f5 22. Rc6 fxe4 23. fxe4 Qd7 24. Raxb6 Rxb6 25. Qxb6 Qe8 26. Qa7 Qf7 27.
Bf3 Nh5 28. b5 Nf6 29. h3 Nxe4 30. Qe3 Nc5 31. Rc7 Qf6 32. Qxe7 Qxe7 33. Rxe7
Rf7 34. Re8+ Rf8 35. Re1 Rb8 36. Rb1 Kg7 37. Kf2 Kf6 38. Ke3 Ke5 39. Kd2 Kd4
40. Rb4+ Ke5 41. Kc3 Rb6 42. Rb1 Na4+ 43. Kb4 Rxb5+ 44. Kxb5 Nc3+ 45. Kc6 Nxb1
46. g3 Nd2 47. Bg2 Nc4 48. Bf3 Ne3 49. h4 Nf5 50. h5 Nd4+ 51. Kd7 Nxf3 52. Ke7
Ng5 53. g4 gxh5 54. gxh5 h6 55. Kf8 Kxd5 56. Kg7 Ke5 57. Kxh6 Kf4 58. Kg6 d5
59. h6 d4 0-1

[Event "C.to Provinciale VE"]
[Site "Mestre - Venezia ITA"]
[Date "2010.01.31"]
[Round "5"]
[White "Zanetto, Marco"]
[Black "Bozzao, Francesco"]
[Result "1-0"]
[WhiteElo "1835"]
[BlackElo "1909"]
[PlyCount "51"]
[EventDate "2010.01.29"]

1. e4 c5 2. c3 Nf6 3. e5 Nd5 4. d4 cxd4 5. Nf3 e6 6. cxd4 Nc6 7. Nc3 Nxc3 8.
bxc3 d6 9. exd6 Bxd6 10. Bd3 O-O 11. O-O g6 12. Bh6 Re8 13. h4 e5 14. Ng5 e4
15. Bxe4 Rxe4 16. Nxe4 Qxh4 17. Nxd6 Qxh6 18. Qb3 Qf8 19. Nxc8 Qxc8 20. Rfe1
Qc7 21. Re3 Na5 22. Qb4 Nc6 23. Qc4 Qd6 24. Rae1 Kf8 25. d5 Na5 26. Qd4 1-0

[Event "C.to Provinciale RG"]
[Site "Modica ITA"]
[Date "2010.01.30"]
[Round "1"]
[White "Digrandi, Vincenzo"]
[Black "Arangio, Alessandro"]
[Result "0-1"]
[WhiteElo "1392"]
[BlackElo "1575"]
[PlyCount "35"]
[EventDate "2010.01.30"]

1. e4 c6 2. d4 d5 3. e5 Bf5 4. Nf3 e6 5. Nc3 Nd7 6. Be2 c5 7. Bb5 a6 8. Bxd7+
Qxd7 9. Nh4 Bg6 10. b3 Be7 11. Nf3 cxd4 12. Qxd4 Bxc2 13. Bg5 Bxg5 14. Nxg5 Bg6
15. O-O Ne7 16. Qf4 O-O 17. Rac1 Rfc8 18. Ne2 0-1

[Event "C.to Provinciale RG"]
[Site "Modica ITA"]
[Date "2010.01.30"]
[Round "1"]
[White "Iozzia, Giuseppe"]
[Black "Arangio, Roberto"]
[Result "1/2-1/2"]
[WhiteElo "1580"]
[BlackElo "1431"]
[PlyCount "89"]
[EventDate "2010.01.30"]

1. e4 c6 2. d4 d5 3. Nc3 dxe4 4. Nxe4 Bf5 5. Ng3 Bg6 6. Nf3 Nf6 7. Bc4 e6 8.
Bf4 Nbd7 9. O-O Nb6 10. Bb3 Bd6 11. Ne5 Nfd5 12. Bg5 Qxg5 13. Nf3 Qe7 14. c4
Bxg3 15. fxg3 Nf6 16. Ne5 Nbd7 17. Qf3 Nxe5 18. dxe5 Qc5+ 19. Kh1 Qxe5 20. Rae1
Qh5 21. Qf4 O-O 22. Bd1 Qa5 23. a3 Rac8 24. g4 Qc7 25. Qf2 Qd6 26. Bf3 Qf4 27.
h3 Qxc4 28. Kh2 Qf4+ 29. g3 Qa4 30. Qe2 Qc2 31. h4 Qxe2+ 32. Rxe2 Bd3 33. Ref2
Bxf1 34. Rxf1 Rcd8 35. g5 Nd5 36. h5 Nb6 37. Be4 Rd2+ 38. Kh3 Rxb2 39. Bxh7+
Kxh7 40. g6+ Kg8 41. h6 fxg6 42. Rxf8+ Kxf8 43. h7 Kf7 44. h8=Q Rd2 45. Qb8
1/2-1/2

[Event "C.to Provinciale RG"]
[Site "Modica ITA"]
[Date "2010.01.30"]
[Round "1"]
[White "La Rosa, Maurizio"]
[Black "Schembari, Serafino"]
[Result "0-1"]
[WhiteElo "1437"]
[BlackElo "1604"]
[PlyCount "73"]
[EventDate "2010.01.30"]

1. e4 c5 2. Nf3 Nc6 3. c3 d6 4. d4 cxd4 5. cxd4 Nf6 6. Nc3 g6 7. Bb5 a6 8.
Bxc6+ bxc6 9. O-O Bg7 10. h3 Rb8 11. b3 O-O 12. Bg5 Qa5 13. Bxf6 Bxf6 14. e5
dxe5 15. Qd2 exd4 16. Nxd4 Rd8 17. Nxc6 Rxd2 18. Nxa5 Bxc3 19. Nc6 Bxa1 20.
Nxb8 Rxa2 21. g4 Bd4 22. h4 Bxg4 23. Nc6 Bc5 24. Ne5 Bh3 25. Rc1 Bxf2+ 26. Kh2
Be3+ 27. Kxh3 Bxc1 28. Nd3 Bh6 29. Kg4 f5+ 30. Kf3 Ra3 31. Nc5 e5 32. Kg3 Bf8
33. Ne6 Rxb3+ 34. Kf2 Rb2+ 35. Kf3 e4+ 36. Kg3 Bd6+ 37. Kh3 0-1

[Event "C.to Provinciale RG"]
[Site "Modica ITA"]
[Date "2010.01.30"]
[Round "1"]
[White "Occhipinti, Massimo"]
[Black "Battaglia, Giuseppe"]
[Result "1-0"]
[WhiteElo "1996"]
[BlackElo "1566"]
[PlyCount "77"]
[EventDate "2010.01.30"]

1. e4 c5 2. Nf3 e6 3. d3 Ne7 4. g3 g6 5. Bg2 Bg7 6. O-O O-O 7. c3 d5 8. Nbd2
Nbc6 9. Re1 Qc7 10. Nf1 dxe4 11. dxe4 e5 12. h3 Rd8 13. Bd2 c4 14. Qc1 b5 15.
Bh6 b4 16. Bxg7 Kxg7 17. Ne3 Ba6 18. Ng4 Ng8 19. Rd1 h5 20. Ne3 Rxd1+ 21. Qxd1
bxc3 22. bxc3 Qa5 23. Rc1 Rd8 24. Nd5 Nge7 25. Ng5 Nxd5 26. exd5 Ne7 27. Qe2
Rxd5 28. Bxd5 Qxd5 29. Rd1 Qc5 30. Qf3 Nf5 31. Rd7 e4 32. Nxe4 Qc6 33. Rxf7+
Kg8 34. Nf6+ Kxf7 35. Qxc6 Bb7 36. Qc7+ Kxf6 37. Qxb7 Nd6 38. Qxa7 Ne4 39. Qd4+
1-0

[Event "C.to Provinciale RG"]
[Site "Modica ITA"]
[Date "2010.01.30"]
[Round "2"]
[White "Arangio, Alessandro"]
[Black "Iozzia, Giuseppe"]
[Result "1-0"]
[WhiteElo "1575"]
[BlackElo "1580"]
[PlyCount "114"]
[EventDate "2010.01.30"]

1. f4 e6 2. Nf3 Nf6 3. e3 Nc6 4. b3 d5 5. Bb2 Be7 6. Bb5 Bd7 7. O-O a6 8. Bxc6
Bxc6 9. h3 O-O 10. Qe1 b6 11. d3 Bb7 12. Nbd2 c5 13. Ne5 Nd7 14. Nxd7 Qxd7 15.
Qg3 d4 16. e4 f5 17. e5 Qd8 18. Nf3 Bxf3 19. Qxf3 Rf7 20. Qc6 Qc8 21. Qxc8+
Rxc8 22. Kh2 g5 23. g3 h5 24. Rg1 Rg7 25. Raf1 Kf7 26. Bc1 Rcg8 27. Bd2 Ke8 28.
a4 Kd7 29. fxg5 Bxg5 30. Bxg5 Rxg5 31. Rf4 Kc6 32. h4 Rg4 33. Rxg4 fxg4 34. Rf1
Kd5 35. Rf7 Rh8 36. Rb7 Kxe5 37. Rxb6 Ra8 38. Rc6 Kd5 39. Rc7 e5 40. Rh7 Rf8
41. Kg2 Rf5 42. Rh6 a5 43. Ra6 e4 44. dxe4+ Kxe4 45. Re6+ Re5 46. Rxe5+ Kxe5
47. Kf2 Kf5 48. Kf1 Ke4 49. Ke2 Kd5 50. Kd3 c4+ 51. bxc4+ Kc5 52. c3 dxc3 53.
Kxc3 Kc6 54. Kd4 Kd6 55. c5+ Kc6 56. Kc4 Kc7 57. Kb5 Kb7 1-0

[Event "C.to Provinciale RG"]
[Site "Modica ITA"]
[Date "2010.01.30"]
[Round "2"]
[White "Arangio, Roberto"]
[Black "Tumino, Andrea"]
[Result "1-0"]
[WhiteElo "1431"]
[BlackElo "1556"]
[PlyCount "82"]
[EventDate "2010.01.30"]

1. f4 d5 2. Nf3 Nf6 3. e3 e6 4. Be2 Bd6 5. b3 Nbd7 6. O-O e5 7. fxe5 Nxe5 8.
Bb2 Qe7 9. Nxe5 Bxe5 10. Bxe5 Qxe5 11. Nc3 c6 12. Qe1 Bg4 13. Qf2 Bxe2 14. Qxe2
O-O-O 15. Qf3 Kb8 16. Qf4 Rde8 17. Rf3 Re7 18. Raf1 Rd8 19. Qxe5+ Rxe5 20. Rg3
Rg8 21. Rxf6 Rge8 22. Rf4 f6 23. Rfg4 g5 24. Rd4 h5 25. Rf3 Rf8 26. e4 dxe4 27.
Rxe4 f5 28. Rxe5 f4 29. Rh3 h4 30. Ne4 Rd8 31. d3 g4 32. Rxh4 f3 33. Ng3 Rf8
34. Rf5 Re8 35. Kf2 Rh8 36. Rxg4 Rxh2 37. Rxf3 b5 38. Rf7 c5 39. Rgg7 c4 40.
Rb7+ Kc8 41. Rxa7 Kb8 1-0

[Event "C.to Provinciale RG"]
[Site "Modica ITA"]
[Date "2010.01.30"]
[Round "2"]
[White "Battaglia, Giuseppe"]
[Black "La Rosa, Maurizio"]
[Result "1-0"]
[WhiteElo "1566"]
[BlackElo "1437"]
[PlyCount "87"]
[EventDate "2010.01.30"]

1. d4 d5 2. Nf3 f6 3. e3 Nc6 4. c4 e5 5. dxe5 fxe5 6. cxd5 Nb4 7. Nxe5 Qxd5 8.
Qxd5 Nxd5 9. Bc4 Ngf6 10. Nc3 Be6 11. Bb5+ Nd7 12. Bxd7+ Bxd7 13. Nxd5 Bd6 14.
Nxd7 Kxd7 15. Bd2 Rhf8 16. f3 Rf7 17. O-O-O Raf8 18. Bb4 c5 19. Bc3 Kc6 20. e4
b6 21. e5 Be7 22. Nxe7+ Rxe7 23. Rd6+ Kb5 24. Rhd1 Rff7 25. h4 h5 26. Rf1 Rf4
27. g3 Ra4 28. Kb1 Ka6 29. b3 Ra5 30. Bxa5 Kxa5 31. f4 Ka6 32. Rfd1 Re8 33. e6
Re7 34. f5 Ka5 35. Rd7 Re8 36. Rd8 Re7 37. R1d7 Rxd7 38. Rxd7 a6 39. e7 b5 40.
e8=Q Kb4 41. a3+ Kxb3 42. Qe4 b4 43. Qc2+ Kxa3 44. Qa2# 1-0

[Event "C.to Provinciale RG"]
[Site "Modica ITA"]
[Date "2010.01.30"]
[Round "2"]
[White "Giuliano, Vincenzo"]
[Black "Di Martino, Giancarlo"]
[Result "0-1"]
[WhiteElo "1704"]
[BlackElo "1661"]
[PlyCount "100"]
[EventDate "2010.01.30"]

1. e4 d6 2. d4 Nf6 3. Nc3 g6 4. Bg5 h6 5. Bh4 Bg7 6. Nf3 O-O 7. Bc4 Nxe4 8.
Nxe4 d5 9. Bxd5 Qxd5 10. Nc3 Qh5 11. h3 Nc6 12. Bg3 Bg4 13. O-O Bxf3 14. Qxf3
Qxf3 15. gxf3 Nxd4 16. Bxc7 Nxf3+ 17. Kg2 Bxc3 18. Kxf3 Rac8 19. Bf4 Bxb2 20.
Rae1 g5 21. Be5 Bxe5 22. Rxe5 e6 23. Ra5 a6 24. Rb1 Rc7 25. Ra4 Rfc8 26. Kg2
Rd8 27. h4 Rd6 28. Rg4 f5 29. Rg3 g4 30. c3 h5 31. f4 Rd2+ 32. Kh1 Kf7 33. a4
Ke7 34. Rb4 Kd6 35. Rb6+ Kd5 36. Re3 Re7 37. Rb4 e5 38. Rb6 e4 39. Rf6 Rd3 40.
Rxf5+ Kc4 41. Re1 Rd5 42. Rf8 Kxc3 43. f5 e3 44. f6 Re4 45. f7 Rf5 46. Re8 Kd2
47. Rxe4 Kxe1 48. Rxe3+ Kf2 49. Re4 Rf3 50. f8=Q Rxf8 0-1

[Event "C.to Provinciale RG"]
[Site "Modica ITA"]
[Date "2010.01.30"]
[Round "2"]
[White "Romano, Sebastiano"]
[Black "Digrandi, Vincenzo"]
[Result "1-0"]
[WhiteElo "1488"]
[BlackElo "1392"]
[PlyCount "155"]
[EventDate "2010.01.30"]

1. e4 e5 2. Nf3 Nc6 3. Bb5 d6 4. Bxc6+ bxc6 5. h3 Nf6 6. d3 Be7 7. Nc3 h6 8. d4
O-O 9. dxe5 dxe5 10. Qxd8 Rxd8 11. Nxe5 Bb7 12. O-O Bb4 13. a3 Bxc3 14. bxc3
Nxe4 15. Bb2 Rd2 16. Rac1 Rad8 17. Nc4 R2d7 18. Rfe1 c5 19. Na5 Ba8 20. f3 Ng5
21. c4 Rd6 22. Be5 Rg6 23. Kf2 Rd2+ 24. Re2 Rxe2+ 25. Kxe2 Re6 26. f4 Bxg2 27.
Nb3 Bxh3 28. Nxc5 Re7 29. Kf2 Ne6 30. Nxe6 Bxe6 31. c5 Bd5 32. Rd1 c6 33. Rd4
g5 34. Bf6 Re4 35. fxg5 Rxd4 36. Bxd4 hxg5 37. Kg3 Kh7 38. Kg4 Be6+ 39. Kxg5
Kg8 40. Kf6 Kf8 41. Ke5 Ke7 42. a4 a6 43. Bc3 f6+ 44. Ke4 Bd5+ 45. Kf5 Be6+ 46.
Kf4 Bd7 47. Ke4 Ke6 48. Kd4 Kf5 49. Kc4 Kg5 50. Kb4 f5 51. Ka5 Bc8 52. Kb6 f4
53. Bd4 Kf5 54. Kxc6 Ke4 55. c3 f3 56. Kc7 Be6 57. Kb6 Bc8 58. c6 Kd3 59. Kc7
Be6 60. Kb6 f2 61. Bxf2 Kxc3 62. Kxa6 Kb4 63. a5 Bc4+ 64. Kb6 Be6 65. c7 Bf5
66. Bc5+ Ka4 67. a6 Bc8 68. a7 Kb3 69. a8=Q Bg4 70. c8=R Bxc8 71. Qxc8 Kc2 72.
Qh3 Kd1 73. Qg2 Kc1 74. Ba3+ Kd1 75. Bc1 Ke1 76. Kc5 Kd1 77. Kd4 Ke1 78. Ke3
1-0

[Event "C.to Provinciale RG"]
[Site "Modica ITA"]
[Date "2010.01.30"]
[Round "2"]
[White "Schembari, Serafino"]
[Black "Occhipinti, Massimo"]
[Result "0-1"]
[WhiteElo "1604"]
[BlackElo "1996"]
[PlyCount "92"]
[EventDate "2010.01.30"]

1. d4 Nf6 2. Nf3 g6 3. e3 Bg7 4. c4 O-O 5. Nc3 d6 6. Bd3 Nbd7 7. O-O e5 8. dxe5
dxe5 9. Qc2 Re8 10. b4 Qe7 11. Ng5 c6 12. Bd2 h6 13. Nxf7 e4 14. Nxe4 Nxe4 15.
Bxe4 Qxe4 16. Qxe4 Rxe4 17. Nd6 Re6 18. c5 Bxa1 19. Rxa1 b6 20. Nxc8 Rxc8 21.
cxb6 axb6 22. f3 Ne5 23. e4 g5 24. a4 Nc4 25. Bc3 Rd6 26. e5 Rd3 27. Rc1 b5 28.
a5 Kf7 29. a6 Ra8 30. e6+ Kxe6 31. Bg7 Rxa6 32. Bxh6 Kf5 33. Bf8 Ra2 34. Bc5
Rdd2 35. g4+ Kf4 36. h3 Rg2+ 37. Kh1 Rh2+ 38. Kg1 Rxh3 39. Bf8 Rg3+ 40. Kh1
Rxf3 41. Bc5 Kxg4 42. Be7 Kh4 43. Bc5 Ne5 44. Bb6 Rh3+ 45. Kg1 Nf3+ 46. Kf1
Rh1+ 0-1

[Event "C.to Provinciale RG"]
[Site "Modica ITA"]
[Date "2010.01.30"]
[Round "3"]
[White "Battaglia, Giuseppe"]
[Black "Giuliano, Vincenzo"]
[Result "1-0"]
[WhiteElo "1566"]
[BlackElo "1704"]
[PlyCount "107"]
[EventDate "2010.01.30"]

1. d4 d5 2. Nf3 Nc6 3. e3 Nf6 4. Nbd2 Bg4 5. Be2 e6 6. Ne5 Bxe2 7. Qxe2 Nxe5 8.
dxe5 Nd7 9. f4 Bc5 10. Nf3 O-O 11. Bd2 Nb6 12. Qb5 Qe7 13. b4 c6 14. Qxc5 Qe8
15. Qc3 Nc4 16. O-O a5 17. Qd3 a4 18. Bc3 Qd8 19. Bd4 b6 20. Nd2 Nxd2 21. Qxd2
Qc7 22. a3 c5 23. bxc5 bxc5 24. Bc3 Qa7 25. Kh1 Qe7 26. Qd3 g6 27. Rab1 c4 28.
Qd2 Qh4 29. Bb4 Rfc8 30. c3 Kh8 31. Qf2 Qg4 32. Be7 Qf5 33. Bf6+ Kg8 34. Qh4 h5
35. Qg5 Qxg5 36. fxg5 Kf8 37. Rb7 Re8 38. Rfb1 Kg8 39. g3 Rec8 40. Be7 Rc6 41.
Bd6 Rca6 42. Rf1 R6a7 43. Rxa7 Rxa7 44. Rb1 Kg7 45. Kg2 Ra8 46. Kf3 Re8 47. Rb4
Ra8 48. Ke2 Ra7 49. e4 Ra5 50. Ke3 Kg8 51. Rb8+ Kh7 52. Be7 d4+ 53. Kxd4 h4 54.
Bf6 1-0

[Event "C.to Provinciale RG"]
[Site "Modica ITA"]
[Date "2010.01.30"]
[Round "3"]
[White "Di Martino, Giancarlo"]
[Black "Arangio, Roberto"]
[Result "1-0"]
[WhiteElo "1661"]
[BlackElo "1431"]
[PlyCount "93"]
[EventDate "2010.01.30"]

1. d4 f5 2. Nf3 Nf6 3. Nc3 e6 4. Bg5 Be7 5. e3 c6 6. Bd3 d5 7. O-O O-O 8. Ne5
Nbd7 9. Bf4 Nxe5 10. Bxe5 Bd6 11. Bxd6 Qxd6 12. Qf3 Qe7 13. Ne2 Ne4 14. Qf4 g5
15. Qe5 Qf6 16. Qxf6 Nxf6 17. c4 Bd7 18. b4 h5 19. a4 Kh8 20. Rfc1 Rac8 21. c5
h4 22. b5 Rg8 23. bxc6 bxc6 24. Ba6 Rb8 25. Rcb1 Ne4 26. Bb7 Nd2 27. Rb4 Nc4
28. a5 Rg7 29. a6 Nd2 30. Rd1 Nc4 31. Ra1 Bc8 32. Rab1 Na5 33. Bxc8 Rxc8 34.
Nc1 g4 35. Ne2 Rcg8 36. Rb8 h3 37. g3 Re7 38. Nf4 Kh7 39. Rxg8 Kxg8 40. Rb8+
Kf7 41. Nd3 Re8 42. Ne5+ Ke7 43. Rb7+ Nxb7 44. axb7 Rf8 45. Ng6+ Kd7 46. Nxf8+
Kc7 47. Nxe6+ 1-0

[Event "C.to Provinciale RG"]
[Site "Modica ITA"]
[Date "2010.01.30"]
[Round "3"]
[White "Iozzia, Giuseppe"]
[Black "Romano, Sebastiano"]
[Result "1-0"]
[WhiteElo "1580"]
[BlackElo "1488"]
[PlyCount "79"]
[EventDate "2010.01.30"]

1. e4 e5 2. Bc4 Bc5 3. Nc3 Nf6 4. Nf3 Qe7 5. d3 h6 6. O-O Nc6 7. Be3 Bxe3 8.
fxe3 d6 9. d4 exd4 10. exd4 O-O 11. Qd2 Nxe4 12. Nxe4 Qxe4 13. Rae1 Qg6 14. Bd3
f5 15. c3 Bd7 16. Re2 Rae8 17. Ref2 Ne7 18. Bc2 Bb5 19. Re1 d5 20. Qf4 Qd6 21.
Ne5 g5 22. Qg3 Rf6 23. Bd3 Bxd3 24. Qxd3 f4 25. Qb5 Ng6 26. Qxe8+ Qf8 27. Nd7
Qxe8 28. Nxf6+ Kf7 29. Nxe8 c6 30. Nd6+ Kf6 31. Rfe2 Nh4 32. Re6+ Kg7 33. Re7+
Kg6 34. R1e6+ Kh5 35. Rh7 Kg4 36. Rhxh6 f3 37. Rxh4+ gxh4 38. gxf3+ Kxf3 39.
Rh6 Kg4 40. Nxb7 1-0

[Event "C.to Provinciale RG"]
[Site "Modica ITA"]
[Date "2010.01.30"]
[Round "3"]
[White "Occhipinti, Massimo"]
[Black "Arangio, Alessandro"]
[Result "0-1"]
[WhiteElo "1996"]
[BlackElo "1575"]
[PlyCount "63"]
[EventDate "2010.01.30"]

1. e4 c6 2. d3 d5 3. Nd2 dxe4 4. dxe4 Nf6 5. h3 e6 6. Ngf3 Be7 7. Bd3 O-O 8.
O-O b6 9. Re1 Ba6 10. Qe2 Bxd3 11. cxd3 c5 12. Nb3 Nc6 13. Bf4 h6 14. Rad1 Nh7
15. d4 cxd4 16. Nbxd4 Nxd4 17. Nxd4 Qc8 18. Rc1 Qd8 19. Red1 Qe8 20. Rc7 a5 21.
Nc6 Bc5 22. Rdd7 Nf6 23. Rd3 Rc8 24. Rxc8 Qxc8 25. Ne5 Rd8 26. Rg3 Kf8 27. Qf3
Be7 28. Bxh6 gxh6 29. Qf4 Rd1+ 30. Kh2 Qc1 31. Qxc1 Rxc1 32. Rf3 0-1

[Event "C.to Provinciale RG"]
[Site "Modica ITA"]
[Date "2010.01.31"]
[Round "4"]
[White "Arangio, Alessandro"]
[Black "Di Martino, Giancarlo"]
[Result "0-1"]
[WhiteElo "1575"]
[BlackElo "1661"]
[PlyCount "70"]
[EventDate "2010.01.30"]

1. f4 Nf6 2. Nf3 d5 3. e3 c5 4. b3 g6 5. Bb2 Bg7 6. Be2 O-O 7. O-O Nc6 8. h3 d4
9. Bb5 Qb6 10. Bxc6 bxc6 11. exd4 Nd5 12. dxc5 Qxc5+ 13. d4 Qd6 14. Bc1 Nxf4
15. Bxf4 Qxf4 16. c3 Qe3+ 17. Kh1 Bf5 18. Qd2 Qe6 19. Na3 Rfd8 20. Rfe1 Qd6 21.
Nc4 Qg3 22. Rxe7 Bxh3 23. Nfe5 Bxg2+ 24. Qxg2 Qh4+ 25. Qh2 Qxe7 26. Nxc6 Qe4+
27. Qg2 Qxg2+ 28. Kxg2 Re8 29. N4a5 Re2+ 30. Kf3 Rae8 31. Nc4 Rc2 32. d5 Rxc3+
33. Kf4 Rxc4+ 34. bxc4 Bxa1 35. d6 Bf6 0-1

[Event "C.to Provinciale RG"]
[Site "Modica ITA"]
[Date "2010.01.31"]
[Round "4"]
[White "Arangio, Roberto"]
[Black "Battaglia, Giuseppe"]
[Result "1/2-1/2"]
[WhiteElo "1431"]
[BlackElo "1566"]
[PlyCount "33"]
[EventDate "2010.01.30"]

1. f4 d5 2. Nf3 Nf6 3. e3 e6 4. Be2 Bd6 5. O-O Nbd7 6. b3 e5 7. fxe5 Nxe5 8.
Bb2 Nxf3+ 9. Bxf3 c6 10. Qe2 O-O 11. d3 Qc7 12. g3 Bh3 13. Rf2 Bxg3 14. hxg3
Qxg3+ 15. Rg2 Bxg2 16. Qxg2 Qxg2+ 17. Kxg2 1/2-1/2

[Event "C.to Provinciale RG"]
[Site "Modica ITA"]
[Date "2010.01.31"]
[Round "4"]
[White "Digrandi, Vincenzo"]
[Black "Tumino, Andrea"]
[Result "0-1"]
[WhiteElo "1392"]
[BlackElo "1556"]
[PlyCount "66"]
[EventDate "2010.01.30"]

1. e4 e5 2. Nf3 Nc6 3. Bc4 Nf6 4. d3 d5 5. exd5 Nxd5 6. Bxd5 Qxd5 7. Nc3 Qd8 8.
O-O Bc5 9. h3 O-O 10. Qe2 Re8 11. Qe4 Nd4 12. Ng5 Bf5 13. Qxb7 Nxc2 14. Rb1
Bxd3 15. Rd1 Qf6 16. Nf3 e4 17. Nd5 Qf5 18. Ne3 Bxe3 19. Bxe3 exf3 20. Qxf3
Nxe3 21. fxe3 Bxb1 22. Qxf5 Bxf5 23. Kf2 Rad8 24. Ke2 Rxd1 25. Kxd1 Rxe3 26.
Kd2 Rg3 27. b4 Rxg2+ 28. Kc3 Rg3+ 29. Kc4 Rxh3 30. a4 Be6+ 31. Kc5 Rc3+ 32. Kb5
h5 33. Ka6 h4 0-1